| 000 | 00460nam a2200169Ia 4500 | ||
|---|---|---|---|
| 005 | 20250423100303.0 | ||
| 008 | 250422s9999 xx 000 0 und d | ||
| 020 | _a0- 8412- 3877- 4 | ||
| 050 | _aT 174.7 .N3733/ | ||
| 100 | _aBarbara Karn | ||
| 245 | 0 | _aNanotechnology and the environment: applications and implications | |
| 260 | _bAmerican chemical society | ||
| 260 | _c2005 | ||
| 300 | _a391 p | ||
| 650 | _aNanotechnology- congresses | ||
| 942 | _cBK | ||
| 999 |
_c32846 _d32846 |
||